[Event "Myslenice"]
[Site "Myslenice"]
[Date "1988.??.??"]
[Round "11"]
[White "Lukasiewicz, Grzegorz"]
[Black "Praszak, Michal"]
[Result "1/2-1/2"]
[WhiteElo "2270"]
[BlackElo "2275"]

1.Nf3 c5 2.c4 Nf6 3.g3 b6 4.Bg2 Bb7 5.O-O g6 6.d4 cxd4 7.Qxd4 Bg7 8.Nc3 d6
9.Be3 Nbd7 10.Rac1 Rc8 11.Rfd1  1/2-1/2

[Event "Naestved op"]
[Site "Naestved"]
[Date "1988.??.??"]
[Round "?"]
[White "Busch, Klaus"]
[Black "Kosten, Anthony C"]
[Result "0-1"]
[WhiteElo "2340"]
[BlackElo "2510"]

1.Nf3 Nf6 2.c4 b6 3.g3 Bb7 4.Bg2 c5 5.O-O g6 6.Nc3 Bg7 7.d4 cxd4 8.Qxd4 Nc6
9.Qf4 Na5 10.Bd2 Rc8 11.b3 Nh5 12.Qe3 O-O 13.Rae1 f5 14.Qd3 Nf6 15.Nd4 Bxg2
16.Kxg2 Nc6 17.Nf3 d6 18.e4 Ne5 19.Nxe5 dxe5 20.Qe2 Nxe4 21.Nxe4 fxe4 22.Rd1 Qd3
23.Qxd3 exd3 24.Rfe1 Rfd8 25.a4 Rd7 26.Bc3 Rcd8 27.Bxe5 d2 28.Re3 Bxe5 29.Rxe5 Rd3
30.Rxe7 Rxb3 31.Re2 Rb2 32.Re7  0-1

[Event "Naleczow"]
[Site "Naleczow"]
[Date "1988.??.??"]
[Round "2"]
[White "Wojtkiewicz, Aleksander"]
[Black "Palkovi, Jozsef"]
[Result "1-0"]
[WhiteElo "2420"]
[BlackElo "2425"]

1.Nf3 Nf6 2.c4 c5 3.g3 b6 4.Bg2 Bb7 5.O-O g6 6.Nc3 Bg7 7.d3 O-O 8.e4 Nc6
9.h3 e6 10.Be3 d5 11.exd5 exd5 12.d4 cxd4 13.Nxd4 Na5 14.b3 dxc4 15.Bxb7 Nxb7
16.Qf3 Nc5 17.Rad1 Qc8 18.Bg5 Qb7 19.Nc6 Rac8 20.Rd6 Ne8 21.Ne7+ Kh8 22.Qxb7 Nxb7
23.Rdd1 Rc5 24.Ncd5 cxb3 25.axb3 h6 26.Bf4 Rc2 27.b4 Rb2 28.Rc1 b5 29.Rc6 Nd8
30.Ra6 g5 31.Be3 Ne6 32.Nf5 Be5 33.Bc5 N8c7 34.Nxc7 Bxc7 35.Bxf8 Nxf8 36.Rxa7 Bb6
37.Rxf7 Rxb4 38.Rxf8+  1-0

[Event "New York op"]
[Site "New York"]
[Date "1988.??.??"]
[Round "?"]
[White "Dake, Arthur William"]
[Black "Santa Torres, Juan"]
[Result "1/2-1/2"]
[WhiteElo "2335"]
[BlackElo "2220"]

1.c4 Nf6 2.Nf3 c5 3.g3 b6 4.Bg2 Bb7 5.O-O g6 6.Nc3 Bg7 7.d4 cxd4 8.Qxd4 O-O
9.Qh4 d6 10.Bg5 Nbd7 11.Rfd1 Rc8 12.Rac1 a6 13.Ne1 Bxg2 14.Nxg2 Re8 15.Ne3 Qc7
16.a4 Qb7 17.f3 Qc6 18.Kg2 Nc5 19.Ned5 Nb3 20.Rc2 Qxc4 21.Bxf6 exf6 22.Qxc4 Rxc4
23.Nxb6 Rc6 24.Nbd5 f5 25.e3 Rc4 26.Nb6 Rc6 27.Nbd5 Rc4  1/2-1/2

[Event "Saint John op-2"]
[Site "Saint John"]
[Date "1988.??.??"]
[Round "?"]
[White "Velikov, Petar"]
[Black "Eingorn, Vereslav S"]
[Result "1-0"]
[WhiteElo "2475"]
[BlackElo "2570"]

1.Nf3 Nf6 2.c4 b6 3.g3 c5 4.Bg2 Bb7 5.O-O g6 6.d4 cxd4 7.Qxd4 Bg7 8.Nc3 d6
9.b3 Nbd7 10.Bb2 O-O 11.Rfd1 Rc8 12.Nd5 Re8 13.Rac1 e6 14.Nxf6+ Nxf6 15.Ba1 d5
16.Ne5 h5 17.e3 Qe7 18.cxd5 Rxc1 19.Rxc1 Bxd5 20.Bxd5 Nxd5 21.Qa4 Bxe5 22.Bxe5 Rd8
23.Qe4 Qb4 24.Rc4 Qe1+ 25.Kg2 b5 26.Rc2 Qd1 27.Rc6 Nxe3+ 28.fxe3 g5 29.Rc2 f5
30.Qb7 Qxc2+ 31.Kh3 Kf8 32.Qg7+ Ke8 33.Bf6 g4+ 34.Kh4  1-0

[Event "Saint John op-2"]
[Site "Saint John"]
[Date "1988.??.??"]
[Round "?"]
[White "Hebert, Jean"]
[Black "Olafsson, Helgi"]
[Result "1/2-1/2"]
[WhiteElo "2400"]
[BlackElo "2510"]

1.Nf3 Nf6 2.c4 b6 3.g3 c5 4.Bg2 Bb7 5.O-O g6 6.b3 Bg7 7.Bb2 O-O 8.d4 e6 9.e3 Na6
10.Nbd2 Qe7 11.Qe2 d5 12.Rac1 Rac8 13.Rfd1 Rfd8 14.dxc5 Nxc5 15.Bd4 Ba6 16.b4 Nce4
17.b5 Bb7 18.Nxe4 dxe4 19.Ne5 Nd7 20.Nxd7 Rxd7 21.Bxg7 Kxg7 22.Rxd7 Qxd7
23.Qc2 f5 24.Rd1 Qe7 25.Bf1 Kf7 26.Qa4 Ba8 27.Rd2 Rc7 28.Qd1 Ke8 29.a4 Bb7
30.a5 e5 31.axb6 axb6 32.Qa1 Rd7 33.Rc2 Qc5 34.Be2 Rd8 35.Qc3 Ke7 36.Ra2 g5
37.Ra1 f4 38.Rd1 Rxd1+ 39.Bxd1 f3 40.Kf1 Kd6 41.Ke1 Ke6 42.Bb3 h5 43.Kd1 Kf5
44.Qd2 Ke6 45.Kc2 Ke7 46.Kc3 Qa3 47.Kc2 Qc5 48.Kc3 Qa3 49.Kc2  1/2-1/2

[Event "Wch-blitz"]
[Site "Saint John"]
[Date "1988.??.??"]
[Round "3"]
[White "Georgiev, Kiril"]
[Black "Kasparov, Gary"]
[Result "1-0"]
[WhiteElo "2595"]
[BlackElo "2750"]

1.Nf3 Nf6 2.c4 c5 3.g3 b6 4.Bg2 Bb7 5.O-O g6 6.Nc3 Bg7 7.d4 cxd4 8.Qxd4 d6
9.b3 Nbd7 10.Bb2 O-O 11.Rfd1 Rc8 12.Nd5 a6 13.Rac1 b5 14.Ne1 Nc5 15.Qd2 Nfe4
16.Qc2 Bxb2 17.Qxb2 bxc4 18.Rxc4 Bxd5 19.Rxd5 Nf6 20.Rd1 Qb6 21.Qc2 a5 22.Nd3 Nxd3
23.exd3 Rxc4 24.dxc4 Rc8 25.Qe2 e6 26.h3 Qc5 27.Qd2 Rd8 28.Qb2 Nd7 29.Qd4 Qxd4
30.Rxd4 Nc5 31.Bc6 f5 32.Kf1 Kf7 33.Ke2 Ke7 34.Bb5 h5 35.h4 Rg8 36.Rd1 g5
37.hxg5 Rxg5 38.Rh1 e5 39.Bc6 Ne6 40.Bd5 Nd4+ 41.Kd3 Kf6 42.Rb1 Rg4 43.b4 axb4
44.Rxb4 h4 45.gxh4 Rxh4 46.Rb6 Rh3+ 47.Kd2 Ra3 48.Rxd6+ Ke7 49.Rb6 Rxa2+
50.Ke1 e4 51.c5 Nf3+ 52.Kf1 Ra1+ 53.Kg2 Rg1+ 54.Kh3 Ng5+ 55.Kh2 Nf3+ 56.Kh3 Ng5+
57.Kh4 Nf3+ 58.Kh5 Rg2 59.c6 Rxf2 60.c7 Rh2+ 61.Kg6 Rg2+ 62.Kxf5 Rg5+ 63.Kxe4 Kd7
64.Rc6 Nd2+ 65.Kf4  1-0

[Event "Silkeborg"]
[Site "Silkeborg"]
[Date "1988.??.??"]
[Round "3"]
[White "Davies, Nigel R"]
[Black "Csom, Istvan"]
[Result "1/2-1/2"]
[WhiteElo "2450"]
[BlackElo "2495"]

1.Nf3 c5 2.c4 b6 3.g3 Bb7 4.Bg2 Nf6 5.O-O g6 6.Nc3 Bg7 7.d4 cxd4 8.Qxd4 O-O
9.Qh4 d6 10.Bh6 Nbd7 11.Bxg7 Kxg7 12.Rac1  1/2-1/2

[Event "URS-FL56"]
[Site "Simferopol"]
[Date "1988.??.??"]
[Round "?"]
[White "Romanishin, Oleg M"]
[Black "Dvoirys, Semen I"]
[Result "1/2-1/2"]
[WhiteElo "2550"]
[BlackElo "2440"]

1.c4 Nf6 2.Nf3 c5 3.g3 b6 4.Bg2 Bb7 5.O-O g6 6.Nc3 Bg7 7.Re1 Ne4 8.Nxe4 Bxe4
9.e3 O-O 10.d3 Bb7 11.d4 d6 12.d5 Nd7 13.e4 a6 14.Rb1 b5 15.b3 Qb6 16.Be3 a5
17.a3 bxc4 18.bxc4 Qc7 19.Bd2 a4 20.Qc2 Rfb8 21.Bf1 Bc8 22.Rxb8 Qxb8 23.Rb1 Qc7
24.Bc3 Bxc3 25.Qxc3 Rb8 26.Rb5 Nf6 27.Rxb8 Qxb8 28.e5 dxe5 29.Qxe5 Qd6 30.Bd3 Bg4
31.Qxd6 exd6 32.Nd2 Nd7 33.Bc2 Nb6 34.f3 Bc8 35.Bd3 Kf8 36.Kf2 Ke7 37.Ke3 h6
38.f4 Bg4 39.Bc2 Bc8 40.Bd1 Ba6 41.Be2 Bc8 42.Kd3 Ba6 43.Bf3 f5 44.Kc3 Kf6
45.Bd1 Bc8 46.Bc2 Ke7 47.Bd3 Kf6 48.Nf1 Bd7 49.Ne3 Bc8 50.Nd1 Ba6 51.Nb2 Bc8
52.Bc2 Bd7 53.Kd2 Be8 54.Ke3 Bd7 55.Bd1 Ke7 56.Kf2 Kf6 57.Kg2 Ke7 58.Kh3 Kf6
59.Kh4 Be8 60.g4 g5+ 61.Kg3 fxg4 62.Bxg4 Bg6 63.Bd1 Be8 64.Bc2 Bd7 65.Bd1 Be8
66.Bc2  1/2-1/2

[Event "Rilton Cup"]
[Site "Stockholm"]
[Date "1988.??.??"]
[Round "?"]
[White "Karlsson, Lars"]
[Black "Welin, Thomas"]
[Result "1-0"]
[WhiteElo "2520"]
[BlackElo "2390"]

1.Nf3 Nf6 2.g3 b6 3.Bg2 Bb7 4.O-O c5 5.c4 g6 6.Nc3 Bg7 7.d3 O-O 8.e4 Nc6
9.Ne1 Ne8 10.h4 Nc7 11.h5 e6 12.Nc2 Nd4 13.h6 Bh8 14.Nxd4 cxd4 15.Ne2 d5
16.exd5 exd5 17.Nf4 Rb8 18.Re1 dxc4 19.Bxb7 Rxb7 20.Qf3 Rb8 21.dxc4 Qf6 22.Bd2 Rfd8
23.Kg2 Qd6 24.Rac1 a5 25.Nd5 Ne6 26.a4 Re8 27.b3 f5 28.Re2 d3 29.Qxd3 Nc5
30.Qf3 Rxe2 31.Qxe2 Nxb3 32.Bf4 Qd7 33.Bxb8 Nxc1 34.Qe3 Na2 35.Qd2 Qb7 36.Qxa2 Qxb8
37.c5 Qb7 38.Kh2 bxc5 39.Nf6+ Kf8 40.Qg8+ Ke7 41.Qxh7+  1-0

[Event "Thessaloniki ol (Women)"]
[Site "Thessaloniki"]
[Date "1988.??.??"]
[Round "?"]
[White "Maric, Alisa"]
[Black "Muresan, Margareta"]
[Result "1-0"]
[WhiteElo "2345"]
[BlackElo "2250"]

1.Nf3 Nf6 2.c4 c5 3.g3 b6 4.Bg2 Bb7 5.O-O g6 6.d4 cxd4 7.Qxd4 Bg7 8.Nc3 d6
9.Be3 Nbd7 10.Rac1 O-O 11.Qd2 Rc8 12.b3 a6 13.Rfd1 Re8 14.Bh3 Rc7 15.Bh6 Rc5
16.Bxg7 Kxg7 17.Qd4 Kg8 18.e4 Rh5 19.Bg2 Qa8 20.Nd5 Nxd5 21.cxd5 e5 22.Qd2 f5
23.Nh4 fxe4 24.Bxe4 Rf8 25.Nxg6 Rf7 26.Nh4 Nc5 27.f3 Qd8 28.Ng2 a5 29.Qe3 Ba6
30.a3 Bb5 31.b4 axb4 32.axb4 Nxe4 33.Qxe4 Rhf5 34.Qg4+ Qg5 35.Rc8+ Kg7 36.Ne3 Qxg4
37.fxg4 Rf3 38.Nf5+ R7xf5 39.gxf5 Rxf5 40.Rc7+ Kg6  1-0

[Event "Thessaloniki ol (Men)"]
[Site "Thessaloniki"]
[Date "1988.??.??"]
[Round "9"]
[White "Jussupow, Artur"]
[Black "Benjamin, Joel"]
[Result "1/2-1/2"]
[WhiteElo "2620"]
[BlackElo "2560"]

1.Nf3 Nf6 2.c4 c5 3.g3 b6 4.Bg2 Bb7 5.O-O g6 6.b3 Bg7 7.Bb2 O-O 8.Nc3 d6
9.d4 cxd4 10.Nxd4 Bxg2 11.Kxg2 Qc8 12.e4 Qb7 13.Re1 Nbd7 14.Qf3 Rfe8 15.Rad1 a6
16.e5 Qxf3+ 17.Nxf3 dxe5 18.Nxe5 Nxe5 19.Rxe5 e6 20.Re2 Rab8 21.a4 Rec8 22.Kf3 Bf8
23.g4 h6 24.h4 Rd8 25.Red2 Rxd2 26.Rxd2 Be7 27.Rd3 Rb7 28.Kg3 Rd7 29.Rxd7 Nxd7
30.Bc1 Nc5 31.Bxh6 Nxb3 32.Be3 Na5 33.Bxb6 Nxc4  1/2-1/2

[Event "Thessaloniki ol (Men)"]
[Site "Thessaloniki"]
[Date "1988.??.??"]
[Round "11"]
[White "Fauland, Alexander"]
[Black "Fernandes, Antonio"]
[Result "0-1"]
[WhiteElo "2385"]
[BlackElo "2400"]

1.Nf3 Nf6 2.c4 c5 3.g3 b6 4.Bg2 Bb7 5.O-O g6 6.b3 Bg7 7.Bb2 O-O 8.Nc3 Na6
9.e3 d5 10.Ne5 Nd7 11.Nxd7 Qxd7 12.cxd5 Nb4 13.d4 cxd4 14.Ne2 Ba6 15.Bxd4 Bxd4
16.exd4 Rac8 17.Qd2 Nxd5 18.Rfe1 Rfd8 19.Rac1 Rxc1 20.Rxc1 Qd6 21.h4 h5 22.Bf3 Kh7
23.Re1 Qb4 24.Qc1 Nf6 25.Kg2 Bxe2 26.Rxe2 Rxd4 27.Qb2 Rd3 28.Qe5 e6 29.Rc2 Qd4
30.Qe2 b5 31.Rc7 Rd2 32.Qe1 Rxa2  0-1

[Event "Thessaloniki ol (Men)"]
[Site "Thessaloniki"]
[Date "1988.??.??"]
[Round "12"]
[White "Kortschnoj, Viktor"]
[Black "Nogueiras, Jesus"]
[Result "1/2-1/2"]
[WhiteElo "2595"]
[BlackElo "2550"]

1.Nf3 Nf6 2.c4 c5 3.g3 b6 4.Bg2 Bb7 5.O-O g6 6.e3 Bg7 7.d4 O-O 8.Re1 e6 9.b3 d5
10.cxd5 exd5 11.Bb2 Na6 12.Nc3 Qe7 13.Rc1 Rfd8 14.Ba3 Ne4 15.Nd2 Rac8 16.Ndxe4 dxe4
17.Qe2 Nb4 18.Bxb4 cxb4 19.Nb1 Qd7 20.Bf1 a6 21.Qd2 Bf8 22.Rxc8 Rxc8 23.Rc1 b5
24.Be2 Bd6 25.Rxc8+ Qxc8 26.Bd1 h5 27.Qc2 Qe6 28.Nd2 h4 29.Be2 hxg3 30.hxg3 f5
31.Bf1 g5 32.Bg2 g4  1/2-1/2

[Event "Tirnavia"]
[Site "Trnava"]
[Date "1988.??.??"]
[Round "?"]
[White "Lechtynsky, Jiri"]
[Black "Ftacnik, Lubomir"]
[Result "1/2-1/2"]
[WhiteElo "2470"]
[BlackElo "2570"]

1.Nf3 Nf6 2.c4 c5 3.g3 b6 4.Bg2 Bb7 5.O-O g6 6.b3 Bg7 7.Bb2 O-O 8.Nc3 e6
9.d4 Na6 10.e3 Qe7 11.Qe2 Rfd8 12.Rfd1 d5 13.cxd5 exd5 14.Rac1 Ne4 15.Nb5 Bc6
16.Ne5 Bb7 17.Nd3 Bc6 18.Ne5  1/2-1/2

[Event "Tirnavia-C"]
[Site "Trnava"]
[Date "1988.??.??"]
[Round "9"]
[White "Tichy, Vladimir"]
[Black "Moehring, Guenther"]
[Result "1-0"]
[WhiteElo "2370"]
[BlackElo "2395"]

1.Nf3 c5 2.g3 b6 3.Bg2 Bb7 4.O-O Nf6 5.c4 g6 6.Nc3 Bg7 7.d4 cxd4 8.Qxd4 d6
9.Bg5 Nbd7 10.Rac1 Rc8 11.Rfd1 h6 12.Be3 O-O 13.Qd2 Ng4 14.Nd5 Nxe3 15.Qxe3 Re8
16.b3 Rc5 17.b4 Rc8 18.Qb3 a6 19.Nd4 Ba8 20.Ne3 Bxg2 21.Kxg2 b5 22.c5 Nf6
23.a4 dxc5 24.bxc5 bxa4 25.Qxa4 Nd5 26.Ndf5 Nxe3+ 27.Nxe3 Qc7 28.Qxa6 Qc6+
29.Qxc6 Rxc6 30.Nd5 Bb2 31.Rb1 Ba3 32.Rb3 Bxc5 33.Rc3 Kf8 34.Rdc1 Rec8 35.Nb4 Bxb4
36.Rxc6 Rxc6 37.Rxc6 h5 38.Kf3 Kg7 39.Rc4 Be1 40.Ke3 Ba5 41.Ke4 Be1 42.f3 Kf6
43.Kd5 Bf2 44.Kc6 Bg1 45.h3 Bh2 46.g4 hxg4 47.hxg4 Bd6 48.Kd7 g5 49.Ra4 Ke5
50.e3 Kf6 51.Ra6 Ke5 52.Ra5+ Kf6 53.e4 Bb4 54.e5+ Kg6 55.Rb5 Ba3 56.e6 fxe6
57.Kxe6 Bc1 58.Kxe7 Ba3+ 59.Ke6 Bc1 60.Ke5  1-0

[Event "Uzhgorod"]
[Site "Uzhgorod"]
[Date "1988.??.??"]
[Round "?"]
[White "Eingorn, Vereslav S"]
[Black "Basin, Leonid"]
[Result "1/2-1/2"]
[WhiteElo "2560"]
[BlackElo "2350"]

1.Nf3 Nf6 2.c4 b6 3.g3 c5 4.Bg2 Bb7 5.O-O g6 6.Nc3 Bg7 7.d4 cxd4 8.Qxd4 d6
9.Be3 Nbd7 10.Rac1 Rc8 11.b3 O-O 12.Qd2 a6 13.Bh3 Rc7 14.Nd4 Qa8 15.Rfd1 Rfc8
16.f3 Rd8 17.Bf2 Ne5 18.e4 e6 19.Qe2 g5 20.Bg2 Qb8 21.a4 Ba8 22.Be3 h6 23.h3 Ng6
24.Qf2 Nh5 25.Nde2 Rc5 26.f4 Rdc8 27.Rf1 Nf6 28.e5 Bxg2 29.Qxg2 dxe5 30.Bxc5 bxc5
31.f5 exf5 32.Rxf5 Ne7 33.Rf2 Qxb3 34.Rcf1 Rc6 35.Ne4 Qe3 36.Nxf6+ Rxf6 37.g4 Ng6
38.Qg3 Qxg3+ 39.Nxg3 Nf4 40.Kh2 Rb6 41.Ne4 Rb4  1/2-1/2

[Event "Hoogovens-B"]
[Site "Wijk aan Zee"]
[Date "1988.??.??"]
[Round "?"]
[White "Krnic, Zdenko"]
[Black "Tseshkovsky, Vitaly"]
[Result "1/2-1/2"]
[WhiteElo "2400"]
[BlackElo "2460"]

1.Nf3 Nf6 2.c4 c5 3.g3 b6 4.Bg2 Bb7 5.O-O g6 6.d4 cxd4 7.Qxd4 Bg7 8.Nc3 Nc6
9.Qf4 h6 10.Bd2 Qb8 11.Rac1 Qxf4 12.Bxf4 Rc8 13.b3 O-O 14.Rfd1 Rfd8 15.Ne5 g5
16.Be3 Ba8 17.Nd3 d6 18.Bh3 e6 19.f4 g4 20.Bg2 Ne7 21.Bxa8 Rxa8 22.Bf2 d5
23.cxd5 Nexd5 24.Bd4 Nxc3  1/2-1/2

[Event "Hoogovens-B"]
[Site "Wijk aan Zee"]
[Date "1988.??.??"]
[Round "?"]
[White "Winants, Luc"]
[Black "Brenninkmeijer, Joris"]
[Result "1-0"]
[WhiteElo "2465"]
[BlackElo "2385"]

1.Nf3 Nf6 2.c4 b6 3.g3 c5 4.Bg2 Bb7 5.O-O g6 6.b3 Bg7 7.Bb2 d5 8.cxd5 O-O
9.Bxf6 Bxf6 10.Nc3 Bxc3 11.dxc3 Bxd5 12.Qd2 e6 13.Qh6 Qe7 14.e4 Bb7 15.e5 f5
16.exf6 Rxf6 17.Qe3 Nd7 18.Rad1 Re8 19.Ng5 Bxg2 20.Kxg2 e5 21.Qd3 Nb8 22.Qd5+ Kg7
23.Ne4 Re6 24.Rd2 Nc6 25.Rfd1 Qc7 26.Qc4 R6e7 27.Kg1 Rf8 28.Rd6 Nd4 29.cxd4 exd4
30.Re6  1-0

[Event "Hoogovens"]
[Site "Wijk aan Zee"]
[Date "1988.??.??"]
[Round "?"]
[White "Tal, Mihail"]
[Black "Karpov, Anatoly"]
[Result "1/2-1/2"]
[WhiteElo "2630"]
[BlackElo "2715"]

1.Nf3 Nf6 2.c4 b6 3.g3 Bb7 4.Bg2 c5 5.O-O g6 6.b3 Bg7 7.Bb2 O-O 8.Nc3 d5
9.Nxd5 Nxd5 10.Bxg7 Kxg7 11.cxd5 Qxd5 12.d4 Na6 13.dxc5 Nxc5 14.Qxd5 Bxd5  1/2-1/2

[Event "Athens Akropolis"]
[Site "Athens"]
[Date "1989.??.??"]
[Round "?"]
[White "Velikov, Petar"]
[Black "Arduman, Can"]
[Result "1-0"]
[WhiteElo "2465"]
[BlackElo "2305"]

1.Nf3 Nf6 2.g3 b6 3.Bg2 Bb7 4.c4 c5 5.O-O g6 6.d4 cxd4 7.Qxd4 Bg7 8.Nc3 d6
9.b3 O-O 10.Bb2 Ne4 11.Qe3 Nxc3 12.Bxc3 Bxc3 13.Qxc3 Nd7 14.Rfd1 Nf6 15.Rac1 Rc8
16.Qe3 Kg7 17.Bh3 Rc7 18.Nd4 Bc8 19.Bg2 Bd7 20.a4 a5 21.Nb5 Rc5 22.Nc3 Bc6
23.Bxc6 Rxc6 24.Qd4 Kg8 25.e4 Nd7 26.Nd5 e6 27.Nc3 Nc5 28.Rb1 Qg5 29.Nb5 Rd8
30.Kg2 Qe7 31.h4 Nb7 32.Rb2 f6 33.Rbd2 Kg7 34.Qe3 Nc5 35.e5 fxe5 36.Nxd6 Nd7
37.Nb7  1-0

[Event "Athens Akropolis"]
[Site "Athens"]
[Date "1989.??.??"]
[Round "?"]
[White "Schmidt, Wlodzimierz"]
[Black "Skembris, Spyridon"]
[Result "1/2-1/2"]
[WhiteElo "2460"]
[BlackElo "2455"]

1.Nf3 Nf6 2.c4 b6 3.g3 Bb7 4.Bg2 c5 5.O-O g6 6.Nc3 Bg7 7.d4 cxd4 8.Nxd4 Bxg2
9.Kxg2 O-O 10.e4 Qc7 11.b3 Nxe4 12.Nxe4 Qe5 13.Qf3 Qxd4 14.Ba3 Nc6 15.Rad1 Qe5
16.Rxd7 Rad8 17.Rxd8 Rxd8  1/2-1/2

[Event "Bayern-ch"]
[Site "Bayern"]
[Date "1989.??.??"]
[Round "?"]
[White "Wachinger, Guenther"]
[Black "Wimmer, Herbert"]
[Result "1/2-1/2"]
[WhiteElo "2295"]
[BlackElo "2295"]

1.c4 Nf6 2.Nf3 c5 3.g3 b6 4.Bg2 Bb7 5.O-O g6 6.Nc3 Bg7 7.d4 cxd4 8.Nxd4 Bxg2
9.Kxg2 Qc8 10.b3 Nc6 11.Bb2 O-O 12.Rc1  1/2-1/2

[Event "GMA-qual"]
[Site "Belgorod"]
[Date "1989.??.??"]
[Round "?"]
[White "Tseitlin, Mark D"]
[Black "Kengis, Edvins"]
[Result "1/2-1/2"]
[WhiteElo "2430"]
[BlackElo "2465"]

1.Nf3 Nf6 2.g3 b6 3.Bg2 Bb7 4.O-O c5 5.c4 g6 6.Nc3 Bg7 7.d4 cxd4 8.Qxd4 d6
9.Rd1 Nbd7 10.Qh4 Rc8 11.Bh6 O-O 12.b3 Rc5 13.Ng5 Bxg2 14.Kxg2  1/2-1/2

[Event "Bern"]
[Site "Bern"]
[Date "1989.??.??"]
[Round "?"]
[White "Klinger, Josef"]
[Black "Cebalo, Miso"]
[Result "0-1"]
[WhiteElo "2475"]
[BlackElo "2505"]

1.Nf3 c5 2.g3 b6 3.Bg2 Bb7 4.O-O Nf6 5.c4 g6 6.Nc3 Bg7 7.Re1 d6 8.e4 Nc6
9.d3 O-O 10.Rb1 Nd7 11.a3 a6 12.Ne2 b5 13.cxb5 axb5 14.d4 b4 15.d5 Nce5 16.Nxe5 Nxe5
17.axb4 cxb4 18.Be3 Ba6 19.Nc1 Qc7 20.Bd4 Rfc8 21.Bh3 Rcb8 22.Be3 Qc4 23.Bf4 b3
24.Bxe5 Bxe5 25.Bf1 Qc2 26.Bd3 Rc8 27.Bxa6 Qxb1 28.Bxc8 Rxc8 29.Nd3 Qxd1
30.Rxd1 Rc2 31.Nxe5 dxe5 32.d6 exd6 33.Rxd6 Rxb2 34.Rb6 h5 35.h4 Kf8 36.Rb7 Rb1+
37.Kg2 Ke8 38.f4 exf4 39.gxf4 b2 40.f5 gxf5 41.exf5 f6  0-1

[Event "Bern"]
[Site "Bern"]
[Date "1989.??.??"]
[Round "?"]
[White "Landenbergue, Claude"]
[Black "Klinger, Josef"]
[Result "1/2-1/2"]
[WhiteElo "2350"]
[BlackElo "2475"]

1.Nf3 Nf6 2.c4 b6 3.g3 c5 4.Bg2 Bb7 5.O-O g6 6.b3 Bg7 7.Bb2 O-O 8.Nc3 Na6
9.e3 d5 10.Nxd5 Nxd5 11.Bxg7 Kxg7 12.cxd5 Bxd5 13.d4 Be4 14.Qe2 Qc7 15.Rfd1 Qb7
16.Ne1 Bxg2 17.Nxg2 Rfd8 18.d5 Nc7 19.e4 Ne8 20.Ne3 Nf6 21.Qb2 Kg8 22.Qe5 Rd7
23.Qf4 Rad8 24.Rac1 Nh5 25.Qf3 Nf6 26.Qf4 Nh5 27.Qf3 Qb8 28.Ng4 f6 29.Ne3 Ng7
30.Nc4 Rf8 31.Qc3 Qd8 32.Ne3 f5 33.e5 f4 34.gxf4 Rxf4 35.e6 Rd6 36.Qe5 Qf8
37.Rc4 Nh5 38.Rd2 Qg7 39.Re4 Qxe5 40.Rxe5 Nf6 41.Nc4 Rd8 42.d6 b5 43.dxe7 Re8
44.Nd6 Rxe7 45.Nc8 Re8 46.e7 Rf5 47.f4 Rxf4 48.Rd8 Rg4+ 49.Kf1 Rd4 50.Rxd4 cxd4
51.Nd6 Rb8 52.e8=Q+ Nxe8 53.Rxe8+ Rxe8 54.Nxe8 b4 55.Nc7 Kf7 56.Ke2 Kf6 57.Na6 Kf5
58.Kf3 g5 59.Nxb4 g4+ 60.Ke2 Ke4 61.Nd3 h5 62.a3 h4 63.Ne1 Kf4 64.b4 Ke4
65.b5 Kd5 66.Nd3 Kc4 67.Ne5+ Kxb5 68.Nxg4 Ka4 69.Ne5 Kxa3 70.Kd3 a5 71.Nf3 h3
72.Kc2 d3+ 73.Kxd3 Kb2 74.Nd4 a4 75.Nb5 a3 76.Nxa3 Kxa3 77.Ke3 Kb4 78.Kf3 Kc5
79.Kg3 Kd6 80.Kxh3 Ke7  1/2-1/2

[Event "Biel op"]
[Site "Biel"]
[Date "1989.??.??"]
[Round "7"]
[White "Pigusov, Evgeny"]
[Black "Marinkovic, Ivan"]
[Result "1/2-1/2"]
[WhiteElo "2560"]
[BlackElo "2475"]

1.Nf3 Nf6 2.c4 c5 3.g3 b6 4.Bg2 Bb7 5.O-O g6 6.Nc3 Bg7 7.Re1 O-O 8.e4 Nc6
9.d3 Ne8 10.Rb1 Nc7 11.h4 Ne6 12.h5 Ned4 13.Nxd4 Nxd4 14.Be3 e6 15.Ne2 Nxe2+
16.Qxe2 Qc7 17.Red1 e5 18.a3 a5 19.b4 axb4 20.axb4 d6 21.Rb2 Bc6 22.Rdb1 Qe7
23.Bf3 Ra7 24.Kg2 Bf6 25.Qd2 Bg7 26.Qe2 Bf6 27.Ra2 Rxa2 28.Qxa2 Ra8 29.Qd2 Bg7
30.Qe2 Bf6 31.Bg4 Bg7 32.Kh2 Rf8 33.Bh3 Ra8 34.Qb2 Bd7 35.Bxd7 Qxd7 36.Ra1 Re8
37.Qe2 Bf8 38.Ra6 Qb7 39.b5 Qc7 40.Kg2 Rb8 41.Bg5 Qd7 42.Be3 Be7 43.Qd1 Bd8
44.Qh1 Qg4 45.f3 Qd7 46.Qh3 Qc7 47.f4 exf4 48.gxf4 Bf6 49.hxg6 hxg6 50.f5 Qe7
51.Ra2 Bg5 52.fxg6 fxg6 53.Bxg5 Qxg5+ 54.Qg3 Qxg3+ 55.Kxg3 Kf7 56.Kg4 Ke6
57.Kg5 Ke5 58.Kxg6 Kd4  1/2-1/2

[Event "Buenos Aires FMDA tt"]
[Site "Buenos Aires"]
[Date "1989.??.??"]
[Round "7"]
[White "Giardelli, Sergio C"]
[Black "Rodriguez, Jorge Luis"]
[Result "1/2-1/2"]
[WhiteElo "2430"]
[BlackElo "2265"]

1.Nf3 Nf6 2.c4 b6 3.g3 Bb7 4.Bg2 c5 5.O-O g6 6.e3 Bg7 7.d4 O-O 8.d5 b5 9.Nc3 bxc4
10.Nd2 d6 11.Re1 Nfd7 12.Nxc4 Ne5 13.Nxe5 Bxe5 14.f4 Bg7 15.e4 Nd7 16.Be3  1/2-1/2

[Event "Cannes schev"]
[Site "Cannes"]
[Date "1989.??.??"]
[Round "?"]
[White "Andersson, Ulf"]
[Black "Adams, Michael"]
[Result "1/2-1/2"]
[WhiteElo "2620"]
[BlackElo "2495"]

1.Nf3 Nf6 2.c4 b6 3.g3 c5 4.Bg2 Bb7 5.O-O g6 6.b3 Bg7 7.Bb2 O-O 8.Nc3 Na6
9.Rc1 d5 10.Nxd5 Nxd5 11.Bxg7 Kxg7 12.cxd5 Qxd5 13.d4 Rfd8 14.dxc5 Nxc5 15.Qc2 Qf5
16.Qxf5 gxf5 17.Rfd1 Ne6 18.Ne5 Bxg2 19.Kxg2 Rxd1 20.Rxd1 Rd8 21.Rxd8 Nxd8
22.Kf3 f6 23.Nd3 Nc6 24.e4 fxe4+ 25.Kxe4 e6 26.g4 Kg6 27.f4 h5 28.h3 hxg4
29.hxg4 Kf7 30.a4 a6 31.Nc1 b5 32.axb5 axb5 33.Ne2 Na5 34.Nc1 Nc6 35.Nd3 Kg6
36.Ke3 Kf7 37.Nc5 e5 38.f5 Nd4 39.Ke4 Ke7 40.Kd3 Kd6 41.Ne4+ Ke7 42.Kc3 Nc6
43.Kb2 Nd4 44.Kc3  1/2-1/2

[Event "Cannes schev"]
[Site "Cannes"]
[Date "1989.??.??"]
[Round "?"]
[White "Csom, Istvan"]
[Black "Miralles, Gilles"]
[Result "1/2-1/2"]
[WhiteElo "2545"]
[BlackElo "2400"]

1.Nf3 Nf6 2.c4 c5 3.g3 b6 4.Bg2 Bb7 5.O-O g6 6.Nc3 Bg7 7.d4 cxd4 8.Qxd4 d6
9.Be3 Nbd7 10.Qd2 Rc8 11.b3 O-O 12.Bh6 Rc5 13.Bxg7 Kxg7 14.Ng5 Qa8 15.Bxb7 Qxb7
16.f3 d5 17.cxd5 Rfc8 18.Nge4 Nxe4 19.Nxe4  1/2-1/2

[Event "Cheliabinsk"]
[Site "Cheliabinsk"]
[Date "1989.??.??"]
[Round "?"]
[White "Panchenko, Alexander N"]
[Black "Timoshenko, Georgy"]
[Result "1/2-1/2"]
[WhiteElo "2430"]
[BlackElo "2530"]

1.Nf3 Nf6 2.c4 c5 3.g3 b6 4.Bg2 Bb7 5.O-O g6 6.b3 Bg7 7.Bb2 O-O 8.Nc3 Nc6
9.d3 Nd4 10.e3 Nxf3+ 11.Bxf3 Bxf3 12.Qxf3 d6 13.Rad1 Qd7  1/2-1/2

[Event "Cheliabinsk"]
[Site "Cheliabinsk"]
[Date "1989.??.??"]
[Round "?"]
[White "Arsovic, Zoran"]
[Black "Dvoirys, Semen I"]
[Result "0-1"]
[WhiteElo "2380"]
[BlackElo "2520"]

1.Nf3 Nf6 2.c4 c5 3.g3 b6 4.Bg2 Bb7 5.O-O g6 6.Nc3 Bg7 7.Re1 Nc6 8.e4 Ng4
9.d3 d6 10.h3 Nge5 11.Nh2 Nd4 12.Bg5 O-O 13.Qd2 Qd7 14.Nd5 f6 15.Be3 e6 16.Bxd4 cxd4
17.Nb4 Nc6 18.Nc2 f5 19.f4 fxe4 20.dxe4 e5 21.Rf1 Rf7 22.Ne1 Ba6 23.Rc1 Raf8
24.b4 Nd8 25.Nd3 exf4 26.Nxf4 Ne6 27.b5 Nxf4 28.Rxf4 Rxf4 29.gxf4 Bb7 30.Ng4 h5
31.Nf2 Qf7 32.Nd3 Bh6 33.Qf2 Bxf4 34.Nxf4 Qxf4 35.Qxf4 Rxf4 36.Rd1 Kf7 37.Rxd4 Ke6
38.c5 dxc5 39.Ra4 Rf7 40.Rxa7 c4 41.Bf1 c3 42.Bc4+ Ke5 43.Bxf7 c2 44.Rxb7 c1=Q+
45.Kf2 Qf4+ 46.Kg1 Qg3+ 47.Kf1 Qxh3+ 48.Kf2 Qh4+ 49.Kf1 Qf4+ 50.Kg1 h4  0-1

[Event "US op"]
[Site "Chicago"]
[Date "1989.??.??"]
[Round "5"]
[White "Wojtkiewicz, Aleksander"]
[Black "Gallagher, Joseph G"]
[Result "1-0"]
[WhiteElo "2460"]
[BlackElo "2405"]

1.Nf3 c5 2.g3 b6 3.Bg2 Bb7 4.O-O Nf6 5.c4 g6 6.Nc3 Bg7 7.d4 cxd4 8.Qxd4 d6
9.Rd1 Nbd7 10.Be3 O-O 11.Qh4 Rc8 12.b3 a6 13.Rac1 Re8 14.Bh3 b5 15.cxb5 axb5
16.Nxb5 Rxc1 17.Rxc1 Bxf3 18.exf3 Ne5 19.Bg2 Qa5 20.a4 Nd5 21.Qe4 Nxe3 22.Qxe3 Bf6
23.f4 Ng4 24.Qe2 h5 25.h3 Nh6 26.Nxd6 Rd8 27.Nc4 Qb4 28.Rd1 Rb8 29.Rd3 Nf5
30.Qd2 Qc5 31.Rd8+ Rxd8 32.Qxd8+ Kg7 33.Qd3 Bd4 34.Qf3 Qb4 35.Bf1 Qe1 36.Kg2 e6
37.Bd3 h4 38.Bxf5 hxg3 39.Bd3 Bxf2 40.Bf1 Qc1 41.Ne5 Qc2 42.Qd3 Qa2 43.Be2 Qa1
44.Qd1 Qa3 45.Qd7 Qf8 46.h4 Kf6 47.Ng4+ Kf5 48.Qd3+  1-0

[Event "Espoo zt"]
[Site "Espoo"]
[Date "1989.??.??"]
[Round "?"]
[White "Karlsson, Lars"]
[Black "Schussler, Harry"]
[Result "1/2-1/2"]
[WhiteElo "2510"]
[BlackElo "2540"]

1.Nf3 c5 2.g3 b6 3.Bg2 Bb7 4.O-O Nf6 5.c4 g6 6.e3 Bg7 7.d4 cxd4 8.exd4 O-O
9.Nc3 Nc6 10.Re1 Rc8 11.Ne5 Na5 12.Bxb7 Nxb7 13.d5 Na5 14.b3 Re8 15.Bd2 a6
16.Qf3 d6 17.Nd3 Qd7 18.Rac1 b5 19.cxb5 axb5 20.Ne4 Rxc1 21.Rxc1 Nb7 22.Nb4 Nxe4
23.Qxe4 Nc5 24.Qf3 Qb7 25.Be3 Nd7 26.Qe2 Ne5 27.Bf4 e6 28.Qd1 h5 29.Bxe5 dxe5
30.dxe6 Rxe6 31.Qd8+ Kh7 32.Nd5 Rc6 33.Rxc6 Qxc6 34.Qg8+ Kxg8 35.Ne7+ Kf8
36.Nxc6 e4 37.a3 Bb2 38.Na7 Bxa3 39.Nxb5 Bc5 40.Nc3 e3 41.fxe3 Bxe3+ 42.Kg2 Ke8
43.Kf3 Bg1 44.h3 Kd7 45.Ne4 Bb6 46.Ng5 f6 47.Ne4  1/2-1/2